| 000 | 00417nam a2200157Ia 4500 | ||
|---|---|---|---|
| 008 | 230917s9999||||xx |||||||||||||| ||und|| | ||
| 020 | _cPOU1.75 | ||
| 040 |
_e8523 _aMAIN |
||
| 041 | _aEnglish | ||
| 082 | _a327.11 S28C | ||
| 100 | _aStarr, Harvey | ||
| 245 | 0 | _aCoalition and future war: A dynamic study of coopration and conflict | |
| 260 |
_aLondon _bSage Publications _c1975 |
||
| 300 | _a71 p. | ||
| 942 | _cBK | ||
| 999 |
_c201443 _d201443 |
||